000
00226nam a2200085Ia 4500
008
170620s9999 xx 000 0 und d
100
_a
Dubai- Satya Narayan`Sartandu`
245
0
_a
Geena ka do Dhang
260
_b
New Delhi- Hind Pocket Books
260
_c
2010
999
_c
25621
_d
25621